|
|
|
|
| LEADER |
00000cam a2200000 a 4500 |
| 001 |
4129 |
| 003 |
Ucuenca |
| 005 |
20230308155705.0 |
| 008 |
000000|1887 ||||||||r|||||||||||spa|| |
| 040 |
|
|
|b spa
|
| 041 |
0 |
|
|a fre
|
| 082 |
0 |
|
|a 843
|b B856
|
| 100 |
1 |
|
|a Bourget, Paul
|d 1852-1935
|9 13605
|
| 245 |
|
|
|a Mensonges
|c Paul Bourget
|h imp
|
| 264 |
|
|
|a París
|b Alphonse Lemerre, Editeur
|c 1887
|
| 300 |
|
|
|a 500 páginas:
|c 17.5 cm
|
| 650 |
1 |
|
|a Novela francesa
|9 5028
|
| 852 |
|
|
|a UC-CDJBV
|f Compra
|l 1
|m Limitada
|p 00000000
|q 6,00
|t 4129
|b 1
|d CDRC
|e CDRC
|g 843 B856 ESTANTERIA CERRADA
|z 0000-00-00
|
| 942 |
|
|
|c BK
|
| 999 |
|
|
|c 7006
|d 7006
|